[Event "Titled Tuesday intern op 30th Jul Early"]
[Site "Chess.com INT"]
[Date "2024.07.30"]
[Round "6"]
[White "Aliyev, Ravan"]
[Black "Belozerov, Andrei"]
[Result "1-0"]
[WhiteElo "2371"]
[BlackElo "2400"]
[PlyCount "61"]
[EventDate "2024.07.30"]
[EventType "swiss (blitz)"]
[EventRounds "11"]
[EventCountry "USA"]
[SourceTitle "EXT 2025"]
[Source "ChessBase"]
[SourceDate "2024.10.14"]
[SourceVersion "1"]
[SourceVersionDate "2024.10.14"]
[SourceQuality "1"]

1. d4 d5 2. c4 dxc4 3. Nf3 Nf6 4. e3 e6 5. Bxc4 c5 6. 0-0 Nc6 7. Qe2 a6 8. Rd1 b5 9. dxc5 Qc7 10. Bd3 Bxc5 11. b3 0-0 12. Bb2 Be7 13. Nbd2 Bb7 14. Rac1 Rfd8 15. Ne4 Nxe4 16. Bxe4 Qb6 17. Qc2 h6 18. h3 Rac8 19. Qe2 Rxd1+ 20. Rxd1 Rd8 21. Rxd8+ Qxd8 22. Ne5 Qc8 23. Nxf7 Kxf7 24. Qh5+ Kf8 25. Qg6 e5 26. Bd5 Nd8 27. Bxe5 Bxd5 28. Bxg7+ Kg8 29. Bf6+ Kf8 30. Qg7+ Ke8 31. Qxe7# 1-0

[Event "Titled Tuesday intern op 30th Jul Early"]
[Site "Chess.com INT"]
[Date "2024.07.30"]
[Round "7"]
[White "Belozerov, Andrei"]
[Black "Altun, Arda"]
[Result "1/2-1/2"]
[WhiteElo "2400"]
[BlackElo "2149"]
[PlyCount "91"]
[EventDate "2024.07.30"]
[EventType "swiss (blitz)"]
[EventRounds "11"]
[EventCountry "USA"]
[SourceTitle "EXT 2025"]
[Source "ChessBase"]
[SourceDate "2024.10.14"]
[SourceVersion "1"]
[SourceVersionDate "2024.10.14"]
[SourceQuality "1"]

1. e4 c6 2. d4 d5 3. Nd2 dxe4 4. Nxe4 Bf5 5. Ng3 Bg6 6. h4 h6 7. Nf3 Nd7 8. h5 Bh7 9. Bd3 Bxd3 10. Qxd3 e6 11. Bd2 Ngf6 12. 0-0-0 Be7 13. Ne4 Nxe4 14. Qxe4 Nf6 15. Qe2 Qd5 16. c4 Qe4 17. Qxe4 Nxe4 18. Be3 f5 19. Kc2 Rd8 20. Ne5 0-0 21. f3 Nd6 22. Bf4 Bf6 23. b3 Rfe8 24. Rhe1 Nf7 25. Re2 Bxe5 26. dxe5 Rxd1 27. Kxd1 Rd8+ 28. Rd2 Rxd2+ 29. Kxd2 Kf8 30. Kd3 Ke7 31. Kd4 Kd7 32. a4 b6 33. b4 Kc7 34. b5 Nd8 35. Bc1 c5+ 36. Kd3 Nf7 37. f4 Nd8 38. Bd2 Nb7 39. Ke2 Kd7 40. Kf3 Ke7 41. g4 Na5 42. Bxa5 bxa5 43. Kg3 Kf7 44. Kh4 Ke7 45. gxf5 exf5 46. Kg3 1/2-1/2

[Event "Titled Tuesday intern op 30th Jul Early"]
[Site "Chess.com INT"]
[Date "2024.07.30"]
[Round "11"]
[White "Belozerov, Andrei"]
[Black "Djokic, Mihailo"]
[Result "0-1"]
[WhiteElo "2400"]
[BlackElo "2158"]
[PlyCount "76"]
[EventDate "2024.07.30"]
[EventType "swiss (blitz)"]
[EventRounds "11"]
[EventCountry "USA"]
[SourceTitle "EXT 2025"]
[Source "ChessBase"]
[SourceDate "2024.10.14"]
[SourceVersion "1"]
[SourceVersionDate "2024.10.14"]
[SourceQuality "1"]

1. e4 c5 2. Nf3 d6 3. Bb5+ Bd7 4. Bxd7+ Qxd7 5. c4 Nc6 6. Nc3 Nf6 7. d4 Qg4 8. d5 Nd4 9. Nxd4 Qxd1+ 10. Kxd1 cxd4 11. Nb5 Rc8 12. f3 Rxc4 13. Nxa7 Rc5 14. Bd2 e5 15. a4 Be7 16. Nb5 Kd7 17. Rc1 Rhc8 18. Ke2 Rc2 19. b3 Nh5 20. g3 f5 21. Na3 Rxc1 22. Rxc1 Rxc1 23. Bxc1 Nf6 24. exf5 Nxd5 25. Nb5 Nb4 26. Bd2 Nc6 27. Kd3 d5 28. g4 Bb4 29. Bc1 Bc5 30. Bd2 e4+ 31. fxe4 Ne5+ 32. Ke2 dxe4 33. b4 d3+ 34. Kf1 e3 35. Bc3 e2+ 36. Kg2 Be3 37. g5 d2 38. Bxd2 Bxd2 0-1

[Event "Titled Tuesday intern op 30th Jul Late"]
[Site "Chess.com INT"]
[Date "2024.07.30"]
[Round "11"]
[White "Belozerov, Andrei"]
[Black "Svane, Rasmus"]
[Result "1-0"]
[WhiteElo "2400"]
[BlackElo "2633"]
[PlyCount "79"]
[EventDate "2024.07.30"]
[EventType "swiss (blitz)"]
[EventRounds "11"]
[EventCountry "USA"]
[SourceTitle "EXT 2025"]
[Source "ChessBase"]
[SourceDate "2024.10.14"]
[SourceVersion "1"]
[SourceVersionDate "2024.10.14"]
[SourceQuality "1"]

1. e4 c6 2. d4 d5 3. Nd2 dxe4 4. Nxe4 Nf6 5. Nxf6+ exf6 6. c3 Bd6 7. Bd3 0-0 8. Qc2 Re8+ 9. Ne2 h6 10. 0-0 Nd7 11. Bd2 Qc7 12. Ng3 Nf8 13. Rae1 Be6 14. Re2 Bg4 15. Rxe8 Rxe8 16. Re1 Rxe1+ 17. Bxe1 h5 18. h3 Bxg3 19. hxg4 Bh2+ 20. Kf1 h4 21. Qe2 g6 22. Qe4 Bf4 23. Bc4 Kg7 24. Bb3 Nh7 25. f3 Ng5 26. Qe2 h3 27. gxh3 Nxh3 28. Qe8 Ng5 29. Kg2 b5 30. Bf2 a5 31. a3 Bc1 32. d5 cxd5 33. Bxd5 Bxb2 34. Qxb5 Bxc3 35. a4 Qd8 36. f4 Nh7 37. Qb7 Qe8 38. Kf3 Nf8 39. Qc6 Qe1 40. Bxe1 1-0

[Event "Titled Tuesday intern op 30th Jul Late"]
[Site "Chess.com INT"]
[Date "2024.07.30"]
[Round "6"]
[White "Rustamov, Rustam"]
[Black "Belozerov, Andrei"]
[Result "0-1"]
[WhiteElo "2285"]
[BlackElo "2400"]
[PlyCount "102"]
[EventDate "2024.07.30"]
[EventType "swiss (blitz)"]
[EventRounds "11"]
[EventCountry "USA"]
[SourceTitle "EXT 2025"]
[Source "ChessBase"]
[SourceDate "2024.10.14"]
[SourceVersion "1"]
[SourceVersionDate "2024.10.14"]
[SourceQuality "1"]

1. e4 e5 2. Nf3 Nc6 3. Bb5 a6 4. Ba4 Nf6 5. 0-0 b5 6. Bb3 Bc5 7. Nxe5 Nxe5 8. d4 Bxd4 9. Qxd4 d6 10. c3 Bb7 11. f3 0-0 12. Bg5 h6 13. Bh4 c5 14. Qd1 Ng6 15. Bg3 d5 16. e5 Nh5 17. f4 Nxg3 18. hxg3 Qb6 19. Kh2 Rad8 20. Qh5 c4 21. Bc2 d4 22. cxd4 Rxd4 23. Qh3 Rfd8 24. e6 Ne7 25. exf7+ Kxf7 26. Re1 Qf6 27. Re2 Bc8 28. Qh5+ g6 29. Qc5 Bf5 30. Nc3 Bxc2 31. Rxc2 Nf5 32. Re1 Nxg3 33. Qc7+ R8d7 34. Qe5 Qh4+ 35. Kg1 Nf5 36. Rce2 Re7 37. Qc5 Qxe1+ 38. Rxe1 Rxe1+ 39. Kf2 Re7 40. g3 h5 41. Nd5 Rd7 42. Nb6 Rd2+ 43. Ke1 Rd1+ 44. Ke2 R7d2+ 45. Kf3 Rd3+ 46. Ke2 R1d2+ 47. Ke1 Nxg3 48. Qc7+ Kg8 49. Qb8+ Kg7 50. Qc7+ Kh6 51. Qe5 Re2+ 0-1

[Event "Titled Tuesday intern op 30th Jul Late"]
[Site "Chess.com INT"]
[Date "2024.07.30"]
[Round "7"]
[White "Sanal, Vahap"]
[Black "Belozerov, Andrei"]
[Result "0-1"]
[WhiteElo "2567"]
[BlackElo "2400"]
[PlyCount "80"]
[EventDate "2024.07.30"]
[EventType "swiss (blitz)"]
[EventRounds "11"]
[EventCountry "USA"]
[SourceTitle "EXT 2025"]
[Source "ChessBase"]
[SourceDate "2024.10.14"]
[SourceVersion "1"]
[SourceVersionDate "2024.10.14"]
[SourceQuality "1"]

1. e4 e5 2. Nc3 Nf6 3. Bc4 Bb4 4. Nge2 Nxe4 5. Nxe4 d5 6. a3 Be7 7. Bb3 dxe4 8. Ng3 f5 9. 0-0 Nc6 10. d3 Nd4 11. Ba2 g6 12. c3 Ne6 13. dxe4 f4 14. Ne2 0-0 15. f3 Kg7 16. b4 Bf6 17. Bb2 Qe7 18. Qc2 Bd7 19. Rad1 Rad8 20. c4 c5 21. b5 Nd4 22. Bxd4 cxd4 23. Nc1 Rc8 24. Qb3 Be6 25. Qa4 Rc7 26. Nd3 Rfc8 27. Rc1 b6 28. Bb3 g5 29. c5 Bxb3 30. Qxb3 bxc5 31. Rc4 h5 32. Rfc1 g4 33. Qd1 Bh4 34. fxg4 Qg5 35. gxh5 f3 36. Qxf3 Rf7 37. Qh3 Rcf8 38. Rxc5 Qd2 39. Qg4+ Kh8 40. Qxh4 Qxd3 0-1

[Event "Titled Tuesday intern op 21st May Early"]
[Site "Chess.com INT"]
[Date "2024.05.21"]
[Round "7"]
[White "Belozerov, Andrei"]
[Black "Martinez Pla, Xavier"]
[Result "1/2-1/2"]
[WhiteElo "2400"]
[BlackElo "2261"]
[PlyCount "106"]
[EventDate "2024.05.21"]
[EventType "swiss (blitz)"]
[EventRounds "11"]
[EventCountry "USA"]
[SourceTitle "CBM 220 Extra"]
[Source "ChessBase"]
[SourceDate "2024.07.31"]
[SourceVersion "1"]
[SourceVersionDate "2024.07.31"]
[SourceQuality "1"]

1. e4 c5 2. Nf3 e6 3. g3 Nc6 4. Bg2 Nf6 5. Nc3 d5 6. exd5 exd5 7. d4 cxd4 8. Nxd4 Bg4 9. Qd3 Bc5 10. Be3 Bb6 11. 0-0 0-0 12. h3 Ne5 13. Qb5 Bxh3 14. Bxh3 Bxd4 15. Bxd4 Nf3+ 16. Kg2 Nxd4 17. Qxb7 Nxc2 18. Rad1 Rb8 19. Qxa7 Rxb2 20. Kg1 Nb4 21. a3 Nc6 22. Qc5 Qb6 23. Qxb6 Rxb6 24. Nxd5 Nxd5 25. Rxd5 g6 26. Rd6 Rfb8 27. Rc1 Na5 28. Rxb6 Rxb6 29. Bf1 Rb3 30. a4 Rb4 31. Bb5 Kg7 32. Rc7 h5 33. Be8 h4 34. gxh4 Rxh4 35. Bxf7 Kf8 36. Kf1 Rxa4 37. Bxg6 Rc4 38. Ra7 Nc6 39. Bd3 Nxa7 40. Bxc4 Nc6 41. Ke2 Ke7 42. Ke3 Kf6 43. Kf4 Ne7 44. Bd3 Nd5+ 45. Kg3 Ne7 46. Be4 Nc8 47. Kf4 Nd6 48. Bd3 Nf7 49. Bc4 Ne5 50. Bd5 Ng6+ 51. Ke3 Ne5 52. Be4 Ng4+ 53. Kf3 Nxf2 1/2-1/2

[Event "Titled Tuesday intern op 21st May Early"]
[Site "Chess.com INT"]
[Date "2024.05.21"]
[Round "4"]
[White "Goldin, Roman"]
[Black "Belozerov, Andrei"]
[Result "1-0"]
[WhiteElo "2299"]
[BlackElo "2400"]
[PlyCount "113"]
[EventDate "2024.05.21"]
[EventType "swiss (blitz)"]
[EventRounds "11"]
[EventCountry "USA"]
[SourceTitle "CBM 220 Extra"]
[Source "ChessBase"]
[SourceDate "2024.07.31"]
[SourceVersion "1"]
[SourceVersionDate "2024.07.31"]
[SourceQuality "1"]

1. e4 e5 2. Nf3 Nc6 3. Nc3 Nf6 4. g3 d5 5. exd5 Nxd5 6. d3 Bb4 7. Bd2 0-0 8. Bg2 Re8 9. 0-0 Nxc3 10. bxc3 Bc5 11. Re1 Bg4 12. h3 Bh5 13. g4 Bg6 14. Ng5 h6 15. Ne4 Bb6 16. a4 Qh4 17. Qf3 Rf8 18. Qg3 Qxg3 19. Nxg3 Rfe8 20. Reb1 Rad8 21. Be3 Re6 22. Rb5 Bxe3 23. fxe3 b6 24. Bd5 Red6 25. Be4 Bxe4 26. Nxe4 Re6 27. Rf1 Na5 28. Kg2 Nb7 29. c4 Nd6 30. Nxd6 Rdxd6 31. a5 f6 32. Ra1 Rc6 33. axb6 axb6 34. Ra7 e4 35. Rd5 exd3 36. cxd3 Rxe3 37. Rd7 Rc5 38. h4 Kh7 39. h5 Rc6 40. Kf2 Rh3 41. Ke2 Rg3 42. Raxc7 Rxc7 43. Rxc7 Rxg4 44. Rc6 Rg5 45. Rxb6 Rxh5 46. d4 Rh4 47. Ke3 Rh3+ 48. Ke4 h5 49. c5 h4 50. c6 Rc3 51. d5 h3 52. Kd4 Rc1 53. Rb3 g5 54. Rxh3+ Kg6 55. Rc3 Rd1+ 56. Kc5 Kf7 57. c7 1-0